000 00672nam a2200217Ia 4500
001 b2524-23178 [1984]
003 IT-MiCISF
008 161014s9999||||xx |||||||||||||| ||und||
040 _aIT-MiCISF
_cIT-MiCISF
041 _ait
100 _aGuaita Antonio
245 0 _aGerontologia preventiva ed educazione sanitaria
_bManuale per operatori
250 _a1a ed.
260 _a Roma
_bNIS
_c1991
300 _app. 207
500 _aCeretti A., Colombo M., Vitali S.F. / anziani, geriatria, salute, invecchiamento, educazione-alla-salute, teoria, educazione-sessuale /
650 _aterza-età
700 _aAA.VV.
942 _cBK
957 _71
999 _a23178
_bsi
_g1
_c214939
_d214939